00430 2200169 4500001002100000008004100021035002000062245003600082100001900118260002800137300002600165020002200191084001400213082000800227650001000235990001500245INLIS000000000003277 ind  a0010-1225000098 aGadis MinimarketcSayaka Murata aMurata, Sayaka aJakartabGramediac2024 a160 hlmc13,5 x 20 cm a978-602-0644-39-4 a813 SAY g a813 aFiksi a19752/B/26